Регионална библиотека "Любен Каравелов" - Русе

Трилогия за Бартимеус (Запис номер 189435)

MARC детайли
000 -Лидер
Контролно поле с фиксирана дължина 01526nam a2200361 c 4500
003 - Код на организацията, давaща контролен номер
Контролно поле BLK
005 - Дата и час на последна редакция
Контролно поле 20230121100811.0
008 - Елементи от данни с фиксирана дължина
fixed length control field 180411b bul|||||r ||||||| ||bul||
010 ## - Наследен системен номер
LC control number KNG00198478000
020 ## - Международен стандартен номер на книга ISBN
Международен стандартен номер на книга ISBN 978-954-761-292-1
-- издат.: ИнфоДар - на том(кн. 2)
040 ## - Източник на каталожния запис
Идентификатор на билиотеката - собственик на записа BLK
041 ## - Код за език
Код за езика на текст/звукозапис или на отделно заглавие Български
Код за езика КДБФ Български
072 #7 - Код за тематичната категория
Код организация bullib
Код за тематична категория Н8302
Текст Фантастика Н
080 ## - УДК
Текстов определител УДК Английска литература
УДК код - определител по УДК 821.111
УДК определител -312.9
УДК - код + определител 821.111-312.9
100 1# - Редна дума - Автор
Автор Страуд, Джонатан
Авторска отговорност първи автор
R(LIN) 300354
139 ## - Редно поле
Редна дума Страуд, Джонатан
Авторски знак Стр - С 84
245 10 - Сведения за заглавието
Заглавие Трилогия за Бартимеус
Подзаглавни данни Роман : Кн. 1 -
Редно поле (дума) Джонатан Страуд; прев. от англ. Борис Рангелов Христов.
Том Кн. 2
Заглавие на том Окото на голема
257 ## - Страна на издаване
Страна на създаване/издаване Великобритания
260 ## - Област на издателските данни
-- София
Година на издаване 2007 -
300 ## - Физическа характеристика
Размери/Мащаб 20 см
380 ## - Жанр
Жанр Худож. лит.
500 ## - Общи забележки
Забележка Съдържа и за авт.
653 ## - Ключова дума – ненормативна
Ключова дума фентъзи
653 ## - Ключова дума – ненормативна
Ключова дума романи
659 ## - Тематичен бюлетин
Тематичен бюлетин Н
700 1# - Други автори (авторска отговорност)
Лично име Христов, Борис Рангелов
Автороска отговорност (Описва отношението между автора и произведението) прев. от англ.
9 (RLIN) 367148
760 1# - Описание на основната серия
-- - на том(кн. 2)
Редна дума на основното описание Страуд, Джонатан
Място на издаване, издател и година ИнфоДар, 2008
Страници - том 657 с.
Забележка - том Ориг. загл. The Golem's Eye / Jonathan Stroud.
Заглавие Кн. 2 Окото на голема
852 ## - Местоположение
Форматна сигнатура Цб 241970
856 4# - Електронен адрес и достъп
Електронен формат pdf - файл
Път до файла /url/
856 4# - Електронен адрес и достъп
Електронен формат pdf - файл
Път до файла /url/
942 ## - АРТИКУЛИ
Вид на библиотечния материал Книги
Скрит в OPAC Не
Koha issues (borrowed), all copies 5
944 ## - СЪЗДАВАНЕ И РЕДАКЦИЯ на ЗАПИСА
Създаване/Редакция Създаване
Дата на регистрацията/редакция 17.12.2016
Статус, дата на статуса ф /
Служител, извършил регистрацията/редакцията Виолета_Тройчева
944 ## - СЪЗДАВАНЕ И РЕДАКЦИЯ на ЗАПИСА
Създаване/Редакция Редакция
Дата на регистрацията/редакция 03.01.2017
Статус, дата на статуса ф /
Служител, извършил регистрацията/редакцията Людмила_Стоянова
999 ## - СИСТЕМНИ КОНТРОЛНИ НОМЕРА
Koha biblionumber 189435
Koha biblioitemnumber 189435
Наличности
Код за отписване Код за изгубен артикул Източник на класификационната схема Код за повреда Коз за рестрикции Код за отдаване Артикулен № Име на библиотеката - собственик Име на библиотеката, в която се намира в момента Статус (Текущо местоположение) Дата на вписване в системата Местоположение - отдел Цена в лева Инвентарен номер Систематично азбучна сигнатура Баркод Номер на екземпляра Цена в евро Служебна бележка Служебен тип на артикула
  Не е изгубен Universal Decimal Classification Не е повреден без рестрикции заемане за дома 333308 Регионална библиотека "Любен Каравелов" Русе Регионална библиотека "Любен Каравелов" Русе Заемна - подръчен фонд 2016-12-21 Заемна - подръчен фонд 7.99 120000806826 П 820-31/С 84 120000806826 1 4.09 Дост: Pk Вид: Ф N: 475 Дата: 19.12.2016 Книги
Vip Innovations Ltd, Rousse, Bulgaria 2025